Maiden nimien etymologiaa #2 - Statistics

Yleistilastot
  • Tätä visaa on pelattu 410 kertaa
  • Keskiarvotulos 9 / 21
Vastaustilastot
Vihje Valtio % Oikein
"Päiväntasaaja" espanjaksi Ecuador
88%
Nimi kuvaa maan sijaintia maanosansa keskellä Keski-Afrikan tasavalta
70%
Pohjautuu Marrakechin kaupungin nimeen Marokko
69%
Yhdistelmä alueiden nimistä Punjab, Afghania, Kašmiri, Sind eli Indus ja Belutšistan Pakistan
64%
"Intian saaret" kreikaksi Indonesia
59%
Nimetty Kuolleeseenmereen laskevan joen mukaan Jordania
53%
Pohjautuu saksan sanoihin "valoisa kivi" Liechtenstein
50%
Suomenkielinen nimitys on peräisin maan pohjoisosan heimon nimestä. Tuo heimo tunkeutui myös Britanniaan Saksa
48%
"Hopeinen" espanjaksi Argentiina
42%
Nimetty Afrikan toiseksi korkeimman vuoren mukaan Kenia
42%
Tarkoittaa luultavasti "kylää" yhdellä irokeesikielellä Kanada
40%
Nimi kertoo maan merkittävästä vientituotteesta, jolla on usein käyty laitonta kauppaa Norsunluurannikko
38%
"Loistava saari" sanskritiksi Sri Lanka
38%
Nimi on samaa juurta kuin slaaviheimon nimitys "vendit" Venäjä
34%
Nimetty Raamatussa mainitun rikkaan kuninkaan mukaan Salomoninsaaret
29%
Nimetty Alankomaiden johtajan Morits Oranialaisen mukaan Mauritius
27%
"Leijonavuoret" Sierra Leone
23%
"Vanha" ja "parrakas" espanjaksi Antigua ja Barbuda
20%
Omakielinen versio "Gilbertsaarista" Kiribati
18%
Nimessä yhdistyy niemimaa ja hallitsijasuku Saudi-Arabia
16%
Saattaa pohjautua espanjan sanoihin "matala meri" Bahama
8%
Ehtoja vastaavia visoja ei löytynyt
Tulosjakauma
Jokaisen tuloksen saaneiden osuus
Persentiili vastausten määrän mukaan
Tuloshistoriasi
Et ole pelannut tätä visaa